[Event "Bad Woerishofen op"]
[Site "?"]
[Date "2003.??.??"]
[Round "2"]
[White "Hornung, Hans"]
[Black "Wirfs, Joachim"]
[Result "0-1"]
[WhiteElo "2189"]
[BlackElo "1727"]
[Annotator "ChessOrg"]
[PlyCount "80"]

1. c4 Nf6 2. Nc3 g6 3. e4 d6 4. d4 Bg7 5. Be2 O-O 6. Nf3 e5 7. d5 a5 8. Bg5 Na6
9. Nd2 Qe8 10. a3 Bd7 11. g4 c6 12. h4 h6 13. Be3 cxd5 14. cxd5 Nh7 15. Nc4 Qd8
16. Bb6 Qe7 17. Nxa5 Rab8 18. Qd2 f5 19. gxf5 gxf5 20. O-O-O fxe4 21. Rdg1 Kh8
22. Be3 Qf6 23. Nxe4 Rfc8+ 24. Kb1 Bf5 25. Bd3 Qf8 26. f3 Nf6 27. Nxf6 Qxf6 28.
Be4 Nc5 29. Bxc5 Rxc5 30. b4 Rc7 31. Qd3 Bxe4 32. Qxe4 Rbc8 33. Rg4 Rf8 34. Rh3
Qd8 35. Rhg3 Qc8 36. Qe3 Rf4 37. Qd2 h5 38. Rg5 Rd4 39. Rxh5+ Kg8 40. Qe2 Rc1+
0-1

[Event "Bad Woerishofen op"]
[Site "?"]
[Date "2003.??.??"]
[Round "2"]
[White "Poettinger, Harald"]
[Black "Behl, Torsten"]
[Result "1-0"]
[WhiteElo "2230"]
[BlackElo "2094"]
[Annotator "ChessOrg"]
[PlyCount "69"]

1. d4 Nf6 2. Nf3 g6 3. c4 Bg7 4. Nc3 d5 5. e3 O-O 6. Be2 c5 7. O-O cxd4 8. exd4
Bg4 9. cxd5 Nxd5 10. h3 Be6 11. Re1 Nc6 12. Bf1 Qb6 13. Na4 Qc7 14. Bg5 Rad8
15. Rc1 Qb8 16. Nc5 Bc8 17. Nb3 Bf6 18. Bh6 Rfe8 19. Qd2 e5 20. Bb5 e4 21. Ng5
Bf5 22. g4 Nf4 23. Bxc6 bxc6 24. gxf5 Bxg5 25. Bxg5 Nxh3+ 26. Kg2 e3 27. Rxe3
Nxg5 28. Rxe8+ Rxe8 29. Qxg5 Qd6 30. fxg6 hxg6 31. Rc3 Re2 32. Re3 Rxb2 33.
Re8+ Kg7 34. Rd8 Qe6 35. Qh4 1-0

[Event "Bad Woerishofen op"]
[Site "?"]
[Date "2003.??.??"]
[Round "2"]
[White "Peschlow, Patrick"]
[Black "Holscher, Peter"]
[Result "1/2-1/2"]
[WhiteElo "2228"]
[BlackElo "2090"]
[Annotator "ChessOrg"]
[PlyCount "71"]

1. e4 d6 2. d4 Nf6 3. Nc3 c6 4. Nf3 Bg4 5. Be2 Nbd7 6. O-O e5 7. Be3 Be7 8. a4
a5 9. Nd2 Bxe2 10. Qxe2 O-O 11. f4 Qc7 12. Kh1 Rae8 13. dxe5 dxe5 14. f5 Bc5
15. Bxc5 Nxc5 16. g4 Rd8 17. g5 Ne8 18. Rad1 Nd6 19. Qf2 b6 20. Qh4 f6 21. Rg1
Ne8 22. Nc4 fxg5 23. Qxg5 Rxd1 24. Rxd1 Nf6 25. Qg2 Rf7 26. Qe2 Rd7 27. Rxd7
Nfxd7 28. Kg2 Qd8 29. Qe3 Qe7 30. h3 h6 31. Ne2 Nxa4 32. Nxa5 bxa5 33. Qb3+ Kh7
34. Qxa4 Qg5+ 35. Kf2 Qh4+ 36. Kg2 1/2-1/2

[Event "Bad Woerishofen op"]
[Site "?"]
[Date "2003.??.??"]
[Round "2"]
[White "Dintheer, Willi"]
[Black "Huhndorf, Arnold"]
[Result "0-1"]
[WhiteElo "2098"]
[BlackElo "2221"]
[Annotator "ChessOrg"]
[PlyCount "50"]

1. e4 c5 2. b4 cxb4 3. a3 d5 4. e5 Nc6 5. Nf3 Bg4 6. Bb5 e6 7. axb4 Bxb4 8. c3
Be7 9. Qa4 Bxf3 10. Bxc6+ bxc6 11. Qxc6+ Kf8 12. gxf3 Nh6 13. d4 Nf5 14. Ba3
Bxa3 15. Rxa3 g6 16. Ke2 Kg7 17. Ra6 Rc8 18. Qa4 Rc4 19. Qa3 Qc8 20. Rd1 Rc7
21. Rxa7 Rxa7 22. Qxa7 Qc4+ 23. Rd3 Rc8 24. h4 Qb5 25. Nd2 Rxc3 0-1

[Event "Bad Woerishofen op"]
[Site "?"]
[Date "2003.??.??"]
[Round "2"]
[White "Fahnenschmidt, Gerhard"]
[Black "Wallhof, Dieter"]
[Result "0-1"]
[WhiteElo "2220"]
[BlackElo "2079"]
[Annotator "ChessOrg"]
[PlyCount "102"]

1. Nf3 Nf6 2. c4 e6 3. g3 d5 4. Bg2 Be7 5. O-O O-O 6. d4 c5 7. dxc5 Bxc5 8.
cxd5 exd5 9. Bg5 Be6 10. Nc3 Nbd7 11. e4 dxe4 12. Nxe4 Be7 13. Re1 Nxe4 14.
Bxe7 Qxe7 15. Rxe4 Nf6 16. Rd4 Rfd8 17. Qa4 Bd5 18. Re1 Qc7 19. Rf4 Bc6 20. Qc2
h6 21. Ne5 Re8 22. Qc3 Rac8 23. Bxc6 bxc6 24. Rxf6 gxf6 25. Ng4 Rxe1+ 26. Qxe1
Kg7 27. Qc1 Rh8 28. Ne3 Qd7 29. g4 h5 30. h3 hxg4 31. hxg4 Qe6 32. Qc2 Qe5 33.
Qd2 Qh2+ 34. Kf1 Qh1+ 35. Ke2 Qe4 36. Qd6 Re8 37. Kd2 Qe5 38. Qa3 Qf4 39. Ke1
Qxg4 40. Qxa7 Qg1+ 41. Ke2 Qg4+ 42. Kf1 Qh3+ 43. Ke2 Qh5+ 44. Ke1 Qe5 45. Qd7
Re6 46. Kf1 Qb5+ 47. Kg1 Re5 48. Qd4 Rg5+ 49. Kh2 Qe2 50. Ng2 Qh5+ 51. Kg1 Qf3
0-1

[Event "Bad Woerishofen op"]
[Site "?"]
[Date "2003.??.??"]
[Round "2"]
[White "Grosser, Walter"]
[Black "Ballon, Guenter-Jan"]
[Result "1/2-1/2"]
[WhiteElo "2096"]
[BlackElo "2219"]
[Annotator "ChessOrg"]
[PlyCount "63"]

1. d4 d5 2. Nf3 c6 3. g3 Nf6 4. Bg2 Bf5 5. O-O e6 6. c3 Nbd7 7. Bg5 Be7 8. Nbd2
h6 9. Bxf6 Nxf6 10. Re1 O-O 11. Ne5 Qc7 12. e4 dxe4 13. Nxe4 Rfd8 14. Qe2 Rac8
15. Nxf6+ Bxf6 16. Ng4 Bxg4 17. Qxg4 c5 18. dxc5 Qxc5 19. Rad1 Qb5 20. Rxd8+
Rxd8 21. Qe2 Qxe2 22. Rxe2 Rd1+ 23. Bf1 Ra1 24. a3 Bg5 25. Kg2 Bc1 26. Rc2 b6
27. a4 Bg5 28. Bb5 Ra2 29. Kf3 g6 30. Ke2 Kg7 31. Kd3 Ra1 32. Bc6 1/2-1/2

[Event "Bad Woerishofen op"]
[Site "?"]
[Date "2003.??.??"]
[Round "2"]
[White "Keller, Manfred"]
[Black "Eschle, Hubert"]
[Result "1-0"]
[WhiteElo "2214"]
[BlackElo "1969"]
[Annotator "ChessOrg"]
[PlyCount "31"]

1. e4 e5 2. Nf3 Nc6 3. Bb5 a6 4. Ba4 Nf6 5. O-O Be7 6. Bxc6 dxc6 7. Qe1 O-O 8.
Nxe5 Re8 9. d3 Bd6 10. Nf3 Bg4 11. Nbd2 Qd7 12. Qe3 Nh5 13. e5 Re6 14. Qd4 Bxf3
15. Nxf3 c5 16. Qg4 1-0

[Event "Bad Woerishofen op"]
[Site "?"]
[Date "2003.??.??"]
[Round "2"]
[White "Simonsen, Hans"]
[Black "Heinrich, Olaf"]
[Result "1/2-1/2"]
[WhiteElo "2213"]
[BlackElo "1751"]
[Annotator "ChessOrg"]
[PlyCount "105"]

1. e4 g6 2. d4 Bg7 3. Nf3 d6 4. c4 Nd7 5. Nc3 e5 6. Be2 c6 7. d5 Qe7 8. Be3
Ngf6 9. Nd2 a6 10. O-O O-O 11. b4 Rd8 12. Nb3 cxd5 13. cxd5 b6 14. Qb1 Bb7 15.
Na4 b5 16. Nc3 Rdc8 17. Rc1 h5 18. Na5 Nf8 19. Qd3 Ng4 20. Bxg4 hxg4 21. Rc2
Rab8 22. Nxb7 Rxb7 23. Rac1 Rbc7 24. Ne2 Rxc2 25. Rxc2 Qb7 26. Rc3 Nd7 27. Qc2
Rxc3 28. Qxc3 Nb8 29. Nc1 Bf6 30. Nb3 Bd8 31. Qd3 Qc8 32. Ba7 Nd7 33. h3 gxh3
34. Qxh3 Nb6 35. Qxc8 Nxc8 36. Be3 f5 37. f3 Kf7 38. Kf2 f4 39. Bd2 Bb6+ 40.
Ke2 Kf6 41. Be1 Ne7 42. Bf2 Bc7 43. Nd2 Nc8 44. g3 g5 45. Nb3 Ke7 46. gxf4 gxf4
47. Kd3 Kd7 48. Kc3 Bd8 49. Nc1 Nb6 50. Bxb6 Bxb6 51. Kb3 Ke7 52. Nd3 Kf6 53.
Ne1 1/2-1/2

[Event "Bad Woerishofen op"]
[Site "?"]
[Date "2003.??.??"]
[Round "2"]
[White "Seidel, Sandra"]
[Black "Babar, Michael"]
[Result "0-1"]
[WhiteElo "1814"]
[BlackElo "2187"]
[Annotator "ChessOrg"]
[PlyCount "66"]

1. d4 d5 2. Nf3 e6 3. Nbd2 Nf6 4. e3 Be7 5. Bd3 Nbd7 6. O-O O-O 7. c3 c5 8. e4
dxe4 9. Nxe4 Nxe4 10. Bxe4 Nf6 11. Bc2 cxd4 12. Nxd4 Qd5 13. Be3 a6 14. Qe2 b5
15. Rfd1 Bb7 16. f3 Qh5 17. a3 Nd5 18. Be4 Rad8 19. Nb3 Bd6 20. g3 f5 21. Bc2
Nxe3 22. Qxe3 Qxf3 23. Qxf3 Bxf3 24. Re1 e5 25. a4 f4 26. gxf4 Rxf4 27. axb5
axb5 28. Ra5 Rdf8 29. h3 Rh4 30. Bd1 Rxh3 31. Bxf3 Rhxf3 32. Rxb5 Rg3+ 33. Kh1
Rf6 0-1

[Event "Bad Woerishofen op"]
[Site "?"]
[Date "2003.??.??"]
[Round "2"]
[White "Dahmen, Juergen"]
[Black "Emami, Madjid"]
[Result "0-1"]
[WhiteElo "1560"]
[BlackElo "2018"]
[Annotator "ChessOrg"]
[PlyCount "60"]

1. c4 g6 2. Nc3 Bg7 3. Nf3 d6 4. d4 c6 5. g3 Nd7 6. Bg2 Qc7 7. O-O e5 8. d5 Nh6
9. dxc6 bxc6 10. Bxh6 Bxh6 11. Ne4 Bf8 12. Qd2 f5 13. Neg5 Nf6 14. Rfd1 Be7 15.
Rac1 h6 16. Nh3 Ne4 17. Qc2 g5 18. Nd2 Nxd2 19. Qxd2 g4 20. Nf4 exf4 21. Qxf4
Bg5 22. Qxd6 Qxd6 23. Rxd6 Bxc1 24. Bxc6+ Ke7 25. Rd1 Rb8 26. Rxc1 Rxb2 27. e4
Rd8 28. exf5 Rdd2 29. Re1+ Kf6 30. Rf1 Bxf5 0-1

[Event "Bad Woerishofen op"]
[Site "?"]
[Date "2003.??.??"]
[Round "2"]
[White "Pohlers, Juergen"]
[Black "Hermann, Manfred"]
[Result "0-1"]
[WhiteElo "2144"]
[BlackElo "2341"]
[Annotator "ChessOrg"]
[PlyCount "86"]

1. d4 d5 2. c4 Nc6 3. Nc3 Nf6 4. Bf4 dxc4 5. e3 Nd5 6. Nge2 Ncb4 7. Nxd5 Nxd5
8. Qa4+ c6 9. Qxc4 Nxf4 10. Nxf4 e5 11. Nd3 Be6 12. Qc3 exd4 13. exd4 Qd5 14.
Nf4 Qe4+ 15. Qe3 Bb4+ 16. Kd1 Bg4+ 17. Be2 Bxe2+ 18. Kxe2 Qe7 19. a3 Bd6 20.
Qxe7+ Kxe7 21. Kf3 Bxf4 22. Kxf4 Rad8 23. Rhe1+ Kf6 24. Re4 Rd5 25. Ke3 Rhd8
26. Rc1 a5 27. Rc5 Rxc5 28. dxc5 Rd1 29. Rc4 Rb1 30. Rc2 Ke5 31. Rd2 g5 32. Kd3
g4 33. f4+ Kxf4 34. Rf2+ Ke5 35. Rxf7 Rxb2 36. Rxh7 Rxg2 37. Ke3 Kd5 38. Rh5+
Kc4 39. Kf4 Kb5 40. Ke4 Ra2 41. Kf4 Rg2 42. Ke4 Rc2 43. Kf4 Rxc5 0-1

[Event "Bad Woerishofen op"]
[Site "?"]
[Date "2003.??.??"]
[Round "2"]
[White "Buchner, Rudolf"]
[Black "Engl, Heinz"]
[Result "1-0"]
[WhiteElo "2301"]
[BlackElo "2125"]
[Annotator "ChessOrg"]
[PlyCount "105"]

1. e4 c5 2. Nc3 Nc6 3. g3 g6 4. Bg2 Bg7 5. d3 d6 6. Be3 e6 7. Qd2 Nd4 8. Nd1
Ne7 9. c3 Ndc6 10. Ne2 b6 11. O-O O-O 12. Bh6 Bxh6 13. Qxh6 Ba6 14. Nf4 e5 15.
Nh3 f6 16. c4 Kh8 17. Nc3 Nd4 18. Qd2 Qd7 19. f4 Rab8 20. Rf2 Nec6 21. Raf1 Qg7
22. Nd5 Bc8 23. fxe5 Nxe5 24. Ne3 Qh6 25. Nf4 Bg4 26. Kh1 f5 27. exf5 Bxf5 28.
Be4 Bxe4+ 29. dxe4 g5 30. Nfd5 Ndf3 31. Qc3 Nd4 32. Nf5 Nxf5 33. exf5 Rbe8 34.
b3 Kg8 35. Nc7 Ng4 36. Nxe8 Nxf2+ 37. Rxf2 Rxe8 38. f6 Kf7 39. Qf3 Re1+ 40. Kg2
g4 41. Qxg4 Re6 42. Qf3 Rxf6 43. Qd5+ Kg7 44. Qb7+ Kg6 45. Qe4+ Kf7 46. Re2 Kg7
47. Qg4+ Kh8 48. h4 Qf8 49. h5 Qa8+ 50. Re4 Qf8 51. Qe2 Qa8 52. Kh2 Rf8 53.
Qb2+ 1-0

[Event "Bad Woerishofen op"]
[Site "?"]
[Date "2003.??.??"]
[Round "2"]
[White "Lindenmair, Anton"]
[Black "Meier, Volker"]
[Result "0-1"]
[WhiteElo "2132"]
[BlackElo "2294"]
[Annotator "ChessOrg"]
[PlyCount "76"]

1. d4 Nf6 2. c4 e6 3. g3 Bb4+ 4. Bd2 c5 5. Nf3 O-O 6. Bg2 d6 7. O-O Bxd2 8.
Qxd2 cxd4 9. Nxd4 a6 10. Nc3 Qc7 11. Rac1 Bd7 12. Rfd1 Rd8 13. b3 Be8 14. Qb2
Nbd7 15. Rd2 Rac8 16. Rdc2 Ne5 17. Ne4 Nxe4 18. Bxe4 Ng4 19. Bf3 Nf6 20. b4 Qb8
21. Qa3 g6 22. Qa5 Qc7 23. Qg5 Kg7 24. h4 h6 25. Qe3 e5 26. Nb3 Bc6 27. c5 d5
28. Na5 d4 29. Qb3 e4 30. Nxc6 bxc6 31. Bg2 Rb8 32. Rd2 a5 33. a3 axb4 34. f4
e3 35. Rd3 Ng4 36. f5 Qxg3 37. fxg6 Qh2+ 38. Kf1 Qf4+ 0-1

[Event "Bad Woerishofen op"]
[Site "?"]
[Date "2003.??.??"]
[Round "2"]
[White "Schellmann, Frank"]
[Black "Pflug, Mathias"]
[Result "1/2-1/2"]
[WhiteElo "2115"]
[BlackElo "2241"]
[Annotator "ChessOrg"]
[PlyCount "145"]

1. e4 c5 2. c3 e6 3. d4 d5 4. e5 Nc6 5. Nf3 Qb6 6. a3 Nh6 7. b4 cxd4 8. cxd4
Nf5 9. Bb2 Bd7 10. h4 h5 11. Be2 a6 12. g3 Be7 13. Kf1 Qa7 14. Kg2 Bd8 15. Qd2
f6 16. Bd3 Nce7 17. Nc3 Bb6 18. Ne2 O-O-O 19. a4 Rdg8 20. a5 Bc7 21. Rhc1 Kd8
22. b5 axb5 23. Nc3 Bxa5 24. Qe2 b4 25. Nb5 Qb6 26. Rc5 b3 27. Nd6 Nxd6 28.
exd6 Nc6 29. Rb5 Qa7 30. Rxb3 Ke8 31. Bb5 Kf7 32. Rba3 b6 33. Bc3 Ra8 34. Qa2
Qb8 35. Bxc6 Bxc6 36. Bxa5 bxa5 37. Rxa5 Qxd6 38. Rxa8 Rxa8 39. Qb2 Rxa1 40.
Qxa1 Qd7 41. Qb1 e5 42. dxe5 d4 43. exf6 d3 44. fxg7 Qd5 45. g8=Q+ Kxg8 46.
Qb8+ Kf7 47. Qf4+ Ke6 48. Qh6+ Kd7 49. Qg7+ Kc8 50. Qf8+ Kc7 51. Qe7+ Kb6 52.
Qb4+ Ka6 53. Qa3+ Kb5 54. Qb2+ Ka4 55. Qa1+ Kb4 56. Qb2+ Qb3 57. Qd4+ Qc4 58.
Qb2+ Kc5 59. Qe5+ Bd5 60. Qc7+ Kb5 61. Qb8+ Ka4 62. Qb2 Qb4 63. Qa1+ Kb5 64.
Qe5 Qe4 65. Qb2+ Ka4 66. Qa1+ Kb4 67. Qb2+ Bb3 68. Qd2+ Ka4 69. Qc3 Bd5 70.
Qa1+ Kb5 71. Qb2+ Qb4 72. Qe5 Kc4 73. Qd4+ 1/2-1/2

[Event "Bad Woerishofen op"]
[Site "?"]
[Date "2003.??.??"]
[Round "2"]
[White "Schlierf, Andre"]
[Black "Kunz, Konstantin"]
[Result "0-1"]
[WhiteElo "2107"]
[BlackElo "2236"]
[Annotator "ChessOrg"]
[PlyCount "78"]

1. c4 c5 2. Nc3 Nc6 3. g3 g6 4. Bg2 Bg7 5. e4 d6 6. Nge2 h5 7. h4 Bg4 8. f3 Bd7
9. d3 a6 10. Rb1 Rb8 11. O-O b5 12. b3 b4 13. Nd5 e6 14. Ne3 Nh6 15. Bb2 Bxb2
16. Rxb2 Qf6 17. Rd2 Nd4 18. f4 O-O 19. Bh3 a5 20. Nxd4 Qxd4 21. Re1 a4 22. Qa1
Qxa1 23. Rxa1 Ra8 24. Rdd1 Bc6 25. Bg2 Rfb8 26. Nc2 e5 27. Rf1 Kg7 28. Ne3 f6
29. Bf3 exf4 30. gxf4 f5 31. exf5 Bxf3 32. f6+ Kxf6 33. Rxf3 axb3 34. Nd5+ Kf7
35. Rf2 Nf5 36. Nc7 Rxa2 37. Rfxa2 bxa2 38. Rxa2 Nxh4 39. Nb5 Nf5 0-1

[Event "Bad Woerishofen op"]
[Site "?"]
[Date "2003.??.??"]
[Round "2"]
[White "Schulz, Gert"]
[Black "Graf, Christian"]
[Result "1/2-1/2"]
[WhiteElo "2103"]
[BlackElo "2231"]
[Annotator "ChessOrg"]
[PlyCount "66"]

1. d4 d5 2. Bg5 h6 3. Bh4 c6 4. e3 Qb6 5. b3 Bf5 6. Bd3 Bxd3 7. Qxd3 Nd7 8. Nf3
e6 9. O-O Ne7 10. c4 Nf5 11. Nc3 Nxh4 12. Nxh4 Be7 13. Nf3 O-O 14. Rac1 Rfe8
15. e4 dxe4 16. Nxe4 Rad8 17. Qc2 Nf6 18. Rcd1 Qa5 19. Nxf6+ Bxf6 20. Rd3 e5
21. dxe5 Bxe5 22. Re3 Bf6 23. Rfe1 Rxe3 24. Rxe3 g6 25. g3 Kg7 26. Kg2 Qc5 27.
Rd3 Qf5 28. Rd2 Rxd2 29. Qxd2 g5 30. Qe3 a6 31. Nd4 Qd7 32. Nc2 Qf5 33. Nd4 Qd7
1/2-1/2

[Event "Bad Woerishofen op"]
[Site "?"]
[Date "2003.??.??"]
[Round "2"]
[White "Zillich, Raimar"]
[Black "Bischoff, Dieter"]
[Result "0-1"]
[WhiteElo "1637"]
[BlackElo "2212"]
[Annotator "ChessOrg"]
[PlyCount "52"]

1. e4 c5 2. Nc3 Nc6 3. g3 g6 4. Bg2 Bg7 5. d3 e6 6. f4 d6 7. Nf3 Nge7 8. O-O
O-O 9. Rb1 b6 10. Be3 Nd4 11. Ne2 Nxf3+ 12. Bxf3 Bb7 13. g4 f5 14. gxf5 exf5
15. Qe1 Qd7 16. b3 Rae8 17. Rd1 Nc6 18. Bd2 Nd4 19. Nxd4 cxd4 20. c4 Re7 21.
Rf2 fxe4 22. dxe4 Rfe8 23. Rg2 Bxe4 24. Bxe4 Rxe4 25. Qg3 d5 26. cxd5 Qxd5 0-1

[Event "Bad Woerishofen op"]
[Site "?"]
[Date "2003.??.??"]
[Round "2"]
[White "Wachweger, Albrecht"]
[Black "Mueller, Manfred"]
[Result "0-1"]
[WhiteElo "1850"]
[BlackElo "2153"]
[Annotator "ChessOrg"]
[PlyCount "104"]

1. e4 c6 2. d4 d5 3. e5 Bf5 4. Bd3 Bxd3 5. Qxd3 Qa5+ 6. c3 Qa6 7. Qd1 e6 8. Ne2
c5 9. O-O Nc6 10. Be3 cxd4 11. cxd4 Nge7 12. f4 Nf5 13. Bf2 Qb6 14. Nbc3 Rc8
15. g4 Nfe7 16. Qd3 g6 17. Be3 Nb4 18. Qd2 h5 19. a3 Nbc6 20. gxh5 Rxh5 21. Ng3
Rh8 22. Kh1 Nf5 23. Nxf5 gxf5 24. Qd3 Qxb2 25. Ne2 Na5 26. Rfb1 Qc2 27. Qb5+
Rc6 28. Kg1 Rg8+ 29. Ng3 Qc3 30. Bf2 a6 31. Qa4 b5 32. Qd1 Qc2 33. Qxc2 Rxc2
34. a4 b4 35. Kf1 Nc4 36. Rc1 Nd2+ 37. Ke2 Rxc1 38. Rxc1 Nc4 39. Nh5 Be7 40.
Nf6+ Bxf6 41. exf6 a5 42. Rh1 Rg6 43. Bh4 b3 44. Bg5 b2 45. Rb1 Kd7 46. h4 Rg8
47. Kd3 Rb8 48. Kc3 Rb4 49. h5 Rxa4 50. h6 Ra1 51. h7 Rxb1 52. h8=Q Rc1+ 0-1

[Event "Bad Woerishofen op"]
[Site "?"]
[Date "2003.??.??"]
[Round "2"]
[White "Fries, Werner"]
[Black "Lotsov, Har-Zahar"]
[Result "0-1"]
[WhiteElo "1612"]
[BlackElo "2039"]
[Annotator "ChessOrg"]
[PlyCount "62"]

1. e4 d5 2. exd5 Qxd5 3. Nc3 Qa5 4. Nf3 Nf6 5. Bc4 Bg4 6. d4 Nc6 7. h3 Bh5 8.
g4 Bg6 9. a3 O-O-O 10. Be3 e5 11. O-O exd4 12. Nxd4 Nxd4 13. Bxd4 c5 14. b4 Qc7
15. Nb5 Qb6 16. bxc5 Bxc5 17. Bxc5 Qxc5 18. Qf3 Qxc4 19. Rab1 Nd5 20. Qg3 Nf4
21. Kh2 a6 22. Na7+ Kb8 23. Rfe1 Rhe8 24. Rb4 Qc7 25. Nc6+ Qxc6 26. Qxf4+ Qc7
27. Qxc7+ Kxc7 28. Reb1 b5 29. Rc1 Re4 30. Rxe4 Bxe4 31. c4 Kb6 0-1

[Event "Bad Woerishofen op"]
[Site "?"]
[Date "2003.??.??"]
[Round "2"]
[White "Fries, Elisabeth"]
[Black "Steiger, Walfried"]
[Result "0-1"]
[WhiteElo "1469"]
[BlackElo "1960"]
[Annotator "ChessOrg"]
[PlyCount "98"]

1. d4 d5 2. Nf3 Nf6 3. Bf4 c6 4. Nbd2 Bf5 5. e3 e6 6. h3 Nbd7 7. Be2 Be7 8. c4
Ne4 9. a3 g5 10. Bh2 h5 11. Nxe4 Bxe4 12. Bd3 Bxd3 13. Qxd3 Qa5+ 14. Ke2 dxc4
15. Qxc4 Nb6 16. Qc3 Qb5+ 17. Kd1 Na4 18. Qc2 Qxb2 19. Qxb2 Nxb2+ 20. Kc2 Nc4
21. Kb3 b5 22. Ne5 Nxe5 23. Bxe5 f6 24. Bc7 Kd7 25. Ba5 Bd6 26. Rhc1 Rhc8 27.
Rc2 Bc7 28. Bxc7 Kxc7 29. Rac1 Kb6 30. a4 a6 31. Rc5 Rc7 32. axb5 axb5 33. R1c2
Rd8 34. Kb4 Ra8 35. Kb3 Ra1 36. Rc1 Rxc1 37. Rxc1 c5 38. dxc5+ Rxc5 39. Rd1 Kc6
40. Rd2 Rd5 41. Rc2+ Kb6 42. Kb4 Rd1 43. Rb2 h4 44. Kc3 Kc5 45. f3 f5 46. Kc2
Rg1 47. Kd3 b4 48. Rc2+ Kb5 49. Rb2 Ka4 0-1

[Event "Bad Woerishofen op"]
[Site "?"]
[Date "2003.??.??"]
[Round "2"]
[White "Bienhuels, Franz-Josef"]
[Black "Mathes, Christian"]
[Result "1-0"]
[WhiteElo "1927"]
[BlackElo "1317"]
[Annotator "ChessOrg"]
[PlyCount "45"]

1. Nf3 Nf6 2. c4 c5 3. g3 Nc6 4. d4 cxd4 5. Nxd4 e6 6. Bg2 a6 7. O-O Qc7 8. b3
d6 9. Nc3 Be7 10. Bb2 O-O 11. Rc1 Bd7 12. Nd5 Qd8 13. Nxe7+ Qxe7 14. Ba3 Ne8
15. Qd2 Rc8 16. Rfd1 Rc7 17. Nb5 axb5 18. cxb5 Ne5 19. Rxc7 Nxc7 20. Bxd6 Qd8
21. Bxe5 Nd5 22. Bxd5 exd5 23. Qxd5 1-0

[Event "Bad Woerishofen op"]
[Site "?"]
[Date "2003.??.??"]
[Round "2"]
[White "Babar, Frank"]
[Black "Schmitt, Karl"]
[Result "1-0"]
[WhiteElo "2240"]
[BlackElo "1829"]
[Annotator "ChessOrg"]
[PlyCount "120"]

1. e4 c5 2. Nc3 e6 3. g3 Nc6 4. Bg2 g6 5. Nge2 Bg7 6. O-O Nge7 7. d3 O-O 8. Bg5
h6 9. Be3 d6 10. Qd2 Kh7 11. d4 b6 12. Rad1 Ba6 13. Rfe1 Qc7 14. b3 Rad8 15. d5
exd5 16. Nxd5 Nxd5 17. Qxd5 Nb4 18. Qd2 Bxe2 19. Rxe2 Nxa2 20. Rf1 Nc3 21. Ree1
b5 22. Bxh6 Bxh6 23. Qxc3 Bg7 24. Qf3 b4 25. Rd1 Bd4 26. h4 Kg7 27. Rfe1 Qe7
28. Bf1 Qf6 29. Qxf6+ Kxf6 30. Bc4 Rde8 31. Kg2 Kg7 32. g4 f6 33. f4 Rh8 34.
Kg3 Re7 35. Bd5 a5 36. g5 fxg5 37. hxg5 Rf8 38. Kg4 Rh8 39. Rh1 Ree8 40. f5
gxf5+ 41. exf5 Rxh1 42. Rxh1 Rf8 43. f6+ Bxf6 44. gxf6+ Rxf6 45. Be4 Rf2 46.
Rd1 Rf6 47. Ra1 Kf7 48. Bd5+ Ke7 49. Rxa5 Rf2 50. Ra7+ Kd8 51. Be4 Rf1 52. Bd3
Rf2 53. Rh7 Rf6 54. Rh5 Kc7 55. Rf5 Re6 56. Kf3 Kc6 57. Be4+ Kb6 58. Ke3 Kb5
59. Kd3 Rh6 60. Bd5 Rh3+ 1-0

[Event "Bad Woerishofen op"]
[Site "?"]
[Date "2003.??.??"]
[Round "2"]
[White "Maahs, Erich"]
[Black "Wagner, Franz"]
[Result "1-0"]
[WhiteElo "2180"]
[BlackElo "1806"]
[Annotator "ChessOrg"]
[PlyCount "97"]

1. e4 c6 2. d4 d5 3. f3 e6 4. g3 c5 5. c3 Nc6 6. Ne2 Qb6 7. a3 Nf6 8. e5 Nd7 9.
Bh3 Be7 10. f4 O-O 11. O-O g6 12. Kh1 a5 13. g4 f6 14. a4 Rf7 15. Na3 Qd8 16.
Be3 b6 17. Ng3 Ba6 18. Rg1 cxd4 19. cxd4 fxe5 20. fxe5 Nb4 21. Nb5 Rc8 22. Rc1
Bxb5 23. axb5 Rxc1 24. Qxc1 Nf8 25. Bf1 g5 26. Be2 Ng6 27. Nh5 h6 28. Qd2 Qf8
29. Rc1 Bd8 30. Rc8 Rc7 31. Rxc7 Bxc7 32. Qc1 Bd8 33. Qc8 Kf7 34. Kg2 Qe7 35.
Qc1 Qc7 36. Qf1+ Kg8 37. Nf6+ Bxf6 38. Qxf6 Qf7 39. Qd8+ Kg7 40. Qxb6 Nc2 41.
Bd2 Nh4+ 42. Kg3 Ne1 43. Qd8 Nc2 44. Qf6+ Qxf6 45. exf6+ Kxf6 46. Bxa5 Ke7 47.
b6 Nxd4 48. b7 Nc6 49. Bb5 1-0

[Event "Bad Woerishofen op"]
[Site "?"]
[Date "2003.??.??"]
[Round "2"]
[White "Jaenig, Reinhard"]
[Black "Akstinat, Sven-Holger"]
[Result "1-0"]
[WhiteElo "2168"]
[BlackElo "1987"]
[Annotator "ChessOrg"]
[PlyCount "63"]

1. e4 e5 2. Nf3 Nc6 3. Bb5 a6 4. Bxc6 dxc6 5. Nc3 Bc5 6. O-O Qd6 7. d3 Bg4 8.
Be3 O-O-O 9. h3 Bh5 10. Qe2 Ne7 11. Rad1 Bd4 12. Nb1 f5 13. Bxd4 exd4 14. Nbd2
Rhe8 15. Rfe1 c5 16. Qf1 f4 17. Rb1 Nc6 18. a3 g5 19. b4 cxb4 20. axb4 Nxb4 21.
e5 Qe7 22. Ne4 Bxf3 23. gxf3 Nc6 24. Nf6 Rf8 25. Qg2 Nxe5 26. Ng4 Rd5 27. Re4
Qg7 28. Rbe1 Ng6 29. h4 h5 30. Nh2 Nxh4 31. Qh3+ Qd7 32. Re8+ 1-0

[Event "Bad Woerishofen op"]
[Site "?"]
[Date "2003.??.??"]
[Round "2"]
[White "Harting, Andreas"]
[Black "Hoennekes, Klaus"]
[Result "0-1"]
[WhiteElo "1841"]
[BlackElo "2089"]
[Annotator "ChessOrg"]
[PlyCount "80"]

1. e4 g6 2. d4 Bg7 3. Nf3 c6 4. Be2 d5 5. e5 Bg4 6. h3 Bxf3 7. Bxf3 e6 8. c3
Nd7 9. b4 a5 10. O-O axb4 11. cxb4 Qb6 12. a3 Ne7 13. Be3 Nf5 14. Bg4 Nxe3 15.
fxe3 O-O 16. Qe2 Qc7 17. a4 Qb6 18. Qd2 Bh6 19. Re1 Rfe8 20. a5 Qd8 21. Nc3 b6
22. Ne2 bxa5 23. bxa5 c5 24. Qc3 Qg5 25. Ra3 Rec8 26. Qd3 c4 27. Qc3 Bf8 28.
Raa1 h5 29. Bf3 Qe7 30. Reb1 Ra7 31. Ra2 Qd8 32. Nf4 Bh6 33. Ne2 f6 34. Nf4 Nf8
35. Qc2 fxe5 36. dxe5 Bxf4 37. exf4 Rxa5 38. Rxa5 Qxa5 39. Rb7 Rc7 40. Rb8 Qa7+
0-1

[Event "Bad Woerishofen op"]
[Site "?"]
[Date "2003.??.??"]
[Round "2"]
[White "Schmitzer, Peter"]
[Black "Gajewski, Richard"]
[Result "1-0"]
[WhiteElo "2089"]
[BlackElo "1780"]
[Annotator "ChessOrg"]
[PlyCount "73"]

1. d4 e6 2. Nf3 b6 3. g3 Bb7 4. Bg2 Be7 5. O-O g5 6. c4 h5 7. d5 g4 8. Ne5 Qc8
9. Nc3 c6 10. dxe6 dxe6 11. Ne4 Qc7 12. Bf4 Nd7 13. Nxf7 e5 14. Ned6+ Kf8 15.
Nxe5 Nxe5 16. Bxe5 Rh6 17. Nf7 Qc8 18. Nxh6 Nxh6 19. Qd2 Qe6 20. Qf4+ Nf7 21.
Bc3 Bg5 22. Qc7 Qe7 23. Qxe7+ Kxe7 24. Rfd1 h4 25. b4 Rc8 26. Rd4 c5 27. Rxg4
Bxg2 28. Kxg2 hxg3 29. hxg3 cxb4 30. Bxb4+ Ke6 31. Rd1 Bf6 32. Re4+ Kf5 33. f3
a5 34. Rd5+ Kg6 35. Bd2 Rc6 36. Rg4+ Ng5 37. Bxg5 1-0

[Event "Bad Woerishofen op"]
[Site "?"]
[Date "2003.??.??"]
[Round "2"]
[White "Schiessl, Siegfried"]
[Black "Stierle, Martin"]
[Result "1/2-1/2"]
[WhiteElo "1789"]
[BlackElo "2088"]
[Annotator "ChessOrg"]
[PlyCount "27"]

1. c4 Nf6 2. Nc3 d5 3. cxd5 Nxd5 4. g3 c5 5. Bg2 Nc7 6. Nf3 Nc6 7. O-O e5 8. d3
Be7 9. Be3 Rb8 10. Rc1 Be6 11. a3 b6 12. Ne4 Bd5 13. Nc3 Be6 14. Ne4 1/2-1/2

[Event "Bad Woerishofen op"]
[Site "?"]
[Date "2003.??.??"]
[Round "2"]
[White "Ries, Berthold"]
[Black "Klett, Thomas"]
[Result "1/2-1/2"]
[WhiteElo "2087"]
[BlackElo "1766"]
[Annotator "ChessOrg"]
[PlyCount "94"]

1. e4 Nf6 2. e5 Nd5 3. d4 d6 4. Nf3 Bg4 5. c4 Nb6 6. exd6 exd6 7. Be3 Be7 8.
Be2 O-O 9. Nc3 Nc6 10. O-O Bxf3 11. Bxf3 Nxc4 12. Bxc6 Nxe3 13. fxe3 bxc6 14.
Qa4 Bg5 15. Rf3 Qe8 16. e4 c5 17. dxc5 dxc5 18. Qa5 Qc6 19. Nd5 Rae8 20. Re1
Re5 21. Qxc7 Qxc7 22. Nxc7 Bd8 23. Nb5 Bb6 24. Kf1 Rd8 25. Nc3 c4 26. Rf5 f6
27. Rxe5 fxe5 28. Ke2 Kf7 29. Nd5 Bd4 30. Rc1 Bxb2 31. Rxc4 Rd7 32. Rb4 Bd4 33.
Kd3 h5 34. h3 Ke6 35. Nf4+ Kf7 36. Nd5 Kg6 37. Nf4+ Kh6 38. Nd5 Kg5 39. Rc4 Kh4
40. Rc6 g5 41. Rh6 Rf7 42. Nf6 Kg3 43. Rg6 Kxg2 44. Rxg5+ Kxh3 45. Rxh5+ Kg2
46. Ng4 Rf3+ 47. Kc4 Rc3+ 1/2-1/2